LEADER 00848nam0-2200313---450- 001 990008645180403321 005 20080410122059.0 010 $a88-7951-487-3 035 $a000864518 035 $aFED01000864518 035 $a(Aleph)000864518FED01 035 $a000864518 100 $a20080410d2006----km-y0itay50------ba 101 0 $aita 102 $aIT 105 $ay-------001yy 200 1 $aManuale: il fisco ed i comuni$eIVA, IRAP, ritenute$fVincenzo Cuzzola 210 $aGorle$cCEL$d2006 215 $aVIII, 119 p.$d24 cm 225 1 $aManuali pratici 676 $a343.45043$v21$zita 700 1$aCuzzola,$bVincenzo$0287988 801 0$aIT$bUNINA$gRICA$2UNIMARC 901 $aBK 912 $a990008645180403321 952 $aH 1733$bs.i.$fDSS 959 $aDSS 996 $aManuale: il fisco ed i comuni$9715995 997 $aUNINA LEADER 00936nam0-22003131i-450- 001 990000418610403321 005 20001010 035 $a000041861 035 $aFED01000041861 035 $a(Aleph)000041861FED01 035 $a000041861 100 $a20001010d--------km-y0itay50------ba 101 0 $aita 105 $ay-------001yy 200 1 $a<>CONTRIBUTO del disegno esploso nei processi di ideazione formale$f[a cura di] Mario Oreglia, Secondino Coppo e altri 210 $as.l.$cs.e.$ds.d. 215 $a(12) p.$d30 cm 300 $aIl fascicolo è composto di copie fotostatiche 610 0 $aDisegno 676 $a740 702 1$aOreglia,$bMario 801 0$aIT$bUNINA$gRICA$2UNIMARC 901 $aBK 912 $a990000418610403321 952 $a08 G 73$b138 (AT)$fDINED 959 $aDINED 996 $aCONTRIBUTO del disegno esploso nei processi di ideazione formale$9326939 997 $aUNINA DB $aING01 LEADER 01091nam a2200265 i 4500 001 991001494139707536 008 111121s1986 it b 00 0 ita d 020 $a8814009880 035 $ab14023428-39ule_inst 040 $aDip.to Studi Giuridici$bita 082 0 $a346.450323 100 1 $aGiannini, Gennaro$0227720 245 13$aIl danno alla persona come danno biologico :$bconfronto tra il metodo tradizionale di risarcimento e il nuovo metodo alternativo /$cGennaro Giannini 260 $aMilano :$bGiuffrè,$c1986 300 $a144 p. ;$c24 cm. 440 0$aCollana di studi (Centro studi assicurativi, Milano) ;$v9 504 $aContiene bibliografia 650 4$aDanni alla persona$xRisarcimento 650 4$aDanni alla persona$xValutazione 907 $a.b14023428$b02-04-14$c21-11-11 912 $a991001494139707536 945 $aLE027 346.03 GIA02.01$g1$i2027000292561$lle027$og$pE25.00$q-$rl$s- $t0$u3$v7$w3$x0$y.i15349287$z21-11-11 996 $aDanno alla persona come danno biologico$9243165 997 $aUNISALENTO 998 $ale027$b21-11-11$cm$da $e-$fita$git $h3$i0